MDQL
is popping MORE tags! Check the
thread
!
Quizzes
Events
Quiz Creation
Community
Videos
Private Events
Remove Ads
Sign In
Join for FREE
Feedback
Dark Mode
Quiz Categories
Sports
Geography
Music
Movies
Television
Just For Fun
Miscellaneous
History
Literature
Language
Science
Gaming
Entertainment
Religion
Holiday
For Kids
Quiz Lab
Recent
Popular Today
Quiz Kudos Today
Editor Picks
Curator Picks
Quizzes by...
Day
Popularity
Type
Ratings
Length
Year
Community
Subscriptions
Recent Discussions
Orange Saloon
Badges
Playlists
Quests
Create
Leaderboards
Showdown
Live 5
Trivia Bingo
Activity
Puzzle Library
Sporcle Events
Private Events
Virtual Trivia
Globe League
Become a Host
Pub Owners
SporcleCon
Opinionation
Our Games
Videos
Blog
Mobile Apps
Partnerships
Remove Ads and Go Orange
Feedback
Geography
Country
Landmarks
City
State
Population
World
Capital
Continent
Flags
Europe
Africa
Asia
South America
North America
Oceania
Border
Canada
United Kingdom
Topography
United States
Geography
Country
Landmarks
City
State
Population
World
Capital
Continent
Flags
Europe
Africa
Asia
South America
North America
Oceania
Border
Canada
United Kingdom
Topography
United States
Random Quiz
Search Sporcle
×
Quiz Lab
Quiz Lab
Geography
City
Type in answers that appear in a list
Type in answers that appear in a list
Classic
Best Score? Go Orange.
Capital City Translations Stats
Can you name the Capital City Translations?
By
AdamC
4m
11 Questions
369 Plays
369 Plays
369 Plays
Comments
Comments
Give Quiz Kudos
Give Quiz Kudos
-
- Ratings
hide this ad
More Info
Replay
Link that replays current quiz
Next Quiz
Link to next quiz in quiz playlist
You Got
0%
They Got
Avg Score
45%
Avg Friend Score
Upgrade to see
Score Distribution
Jump to the score distribution portion of the page
Score
0/11
Timer
04:00
0
Plays Today
Capital
English Translation
% Correct
Portuguese
New Port
89.4%
Spanish
Good Airs
86.2%
French
Free Town
84%
Spanish
The Peace
66.9%
French
Low Land
45%
Spanish
Holy Saviour
41.5%
Spanish
Assumption
27.1%
Portuguese
Port Town
21.7%
Portuguese
Beach
19.5%
Catalan
Andorra the old
17.6%
French
Reed
3.8%
Quiz Playlist
Details
Report
Send in Message
Add To Playlist
More Info:
Can you translate these capital city names into English?
Classic:
Type in answers that appear in a list
Quiz Source
Last Updated: Feb 16, 2017
Quiz Scoreboard
CHALLENGE
Sign Up to Join the Scoreboard
Show All
Scores
Hide
Comments
May contain spoilers
Recently Published
Street Fighter Characters
by Artimus82
Gaming
60s
9x9 Crossword: Cartoon Network
by jackfrog10
Miscellaneous
3m
College Basketball Coaching Resumes
by pancakes188
Sports
9m
More to Explore
Quiz From the Vault
Featured Blog Post
Where Did the Easter Bunny Come From?
hide this ad
You Might Also Like...
Tags
Capital Quiz
City Quiz
Translation Quiz
English
Today's Top Quizzes in Geography
Browse Geography
hide this ad
Today's Top Quizzes in City
Browse City
Top Contributed Quizzes in Geography
1
Countries of the World - No Outlines Minefield
2
Top 25 Cities of France on a map
3
Any capital of a 'B' country per Continent
4
Any capital of a 'C' country per Continent
5
Closest Countries to UK A-Z
6
Any capital of a 'D' country per Continent
7
5-to-1: US Geography No Hints
8
Any capital of an 'E' country per Continent
9
Find the US States - No Outlines
10
Any capital of an 'F' country per Continent
Explore More
Trending Topics
Crossword
Anime
NBA
Disney
Marvel
Kpop
Harry Potter
Country
Puzzle
WWE
NFL
Soccer
Pokémon
The Office
Song
hide this ad
More By:
AdamC
Quiz
Plays
Rating
Category
Featured
Created
Countries named after rivers
934
4.64
Geography
Mar 29, 2010
Capital City Translations
369
4.33
Geography
Mar 31, 2010
Capital cities named after rivers
315
5.00
Geography
Mar 30, 2010
Football teams in Liechtenstein
79
5.00
Sports
Jan 29, 2010
Go to Creator's Profile
Score Distribution
Quiz Creator Spotlight
AdamC
Follow
Send a Message
Quizzes Created
-
Created Quiz Play Count
-
More By This Creator
Popular Quizzes Today
1
Find the US States - No Outlines Minefield
2
Find the Countries of Europe - No Outlines Minefield
3
The Countries of the World
4
Find the US States
5
Risky Map Clicking: Biggest States A-Z
6
US States
7
Popular People in 1961
8
Movies - When Are They Set?
More Geography Quizzes
Asia by Any 2 Letters Blitz (no I or N)
Quiz Lab
Trending Quizzes
Risky Map Clicking: Least Populous States A-Z
Countries of the World: 200 Million BC
Billboard Blitz: Aretha Franklin
1-10 Letter G Words
Famous Russians: Author or Composer?
Recently Updated
Leaping Animals
pecheneg
Reality TV Shows (A-Z)
bhenderson79
Rickey Henderson's Hall of Fame Teammates
pecheneg
Champions League XIs: Arsenal
pecheneg
Quick Pick: Celebrities in WWE's Hall of Fame
aduchscher
A-Z Keypad Blitz II
pecheneg
Multiple Oscar Actors
pecheneg
Mystery Phrase Blitz: Oscar 'Best Actors'
pecheneg
F. Scott Fitzgerald Novels
LTH
Pick 3 Villains
ddd62291
Trending Topics
Anime
Crossword
Marvel
Harry Potter
NBA
Disney
Kpop
WWE
Soccer
The Office
Puzzle
Country
Song
Pokémon
NFL
Your Account Isn't Verified!
In order to create a playlist on Sporcle, you need to verify the email address you used during registration. Go to your
Sporcle Settings
to finish the process.
Report this User
Report this user for behavior that violates our
Community Guidelines
.
Details:
Send Report
Go to the Sporcle.com Mobile Site →
Comments